01091nam a22002537a 4500003000500000005001700005008004100022020001800063041001200081082001700093100002600110245003400136260003800170300003500208505035300243650001800596650001500614650002400629700001800653700001600671942001500687999001700702952011800719CUTN20250303105531.0250303b |||||||| |||| 00| 0 eng d a9789390063628 aEnglish a332.109bSEL aSelvan, G. Sengkathir aRural Banking in Tamil Nadu / aChennai :bMJP Publishers,c2022. a473 pages :c244 x 170 x 27 mm tIntroduction, Banking Scenario in India: An Overview, Theoritical, Conceptual Frame Work and Review of Literature, Operational Performance of The Canara Bank in Madurai Circle, Tamil Nadu, Rural Banking by Canara Bank in Madurai Circle, Tamil Nadu, Canara Bank and Rural Development Schemes, Summary of Findings, Policy Implications and Conclusions aRural banking aTamil Nadu afinancial inclusion aRamaswamy, S. aManivel, S. 2ddccBOOKS c44077d44077 00102ddc40708NFICaCUTNbCUTNc300d2025-03-03l0o332.109 SELp51792r2025-03-03 10:56:26w2025-03-03yBOOKS